| 000 | 01567nam a2200253Ia 4500 | ||
|---|---|---|---|
| 999 |
_c52024 _d52024 |
||
| 001 | 19028 | ||
| 003 | GE_BSU | ||
| 005 | 20210406141153.0 | ||
| 008 | 181216s2016||||ge |||||||||||||| ||g || | ||
| 040 | _cGE_BSU | ||
| 041 | _ageo | ||
| 080 | _a82 ლ-85 | ||
| 100 |
_aლორთქიფანიძე, სოფიკო _911111 |
||
| 245 |
_aმმართველის ქრისტიანული იდეალი და მეფეთა სახეები არჩილის შემოქმედებაში / _cსოფიკო ლორთქიფანიძე; სამეცნიერო ხელმძღვანელი რამაზ ხალვაში; ბსუ. |
||
| 264 |
_aბათუმი : _bბათუმის შოთა რუსთაველის სახ. უნ-ტის გამ-ბა _c2016. |
||
| 300 |
_a125 გვ. ; _b30 სმ. |
||
| 504 | _aბიბლიოგრ. გვ. 120-126 | ||
| 653 | _aდისერტაცია | ||
| 653 | _aლიტმცოდნეობა | ||
| 653 | _aმმართველის ქრისტიანული იდეალი და მეფეთა სახეები არჩილის შემოქმედებაში | ||
| 700 |
_aხალვაში, რამაზ _eსამეცნიერო ხელმძღვანელი _92151 |
||
| 710 |
_aბსუ. _911112 _bჰუმანიტარულ მეცნიერებათა ფაკულტეტი |
||
| 942 |
_cBK _2udc |
||